| 000 | 00000nas 2200000za 4500 |
| 001 | 9.502220 |
| 003 | CaOODSP |
| 005 | 20230823091155 |
| 007 | cr ||||||||||| |
| 008 | 150406d20002014xxc|| p o||||f| |0fre|d |
| 022 | |a1707-2301 |
| 040 | |aCaOODSP|bfre |
| 043 | |an-cn--- |
| 086 | 1 |aH118-2F-PDF |
| 245 | 00|aTendances des dépenses nationales de santé. |
| 264 | 1|aOttawa, Ontario : |bInstitut canadien d'information sur la santé |
| 310 | |aAnnuel |
| 362 | 1 |aParaît depuis [1975-1997]; ne paraît plus après [1976-2010]. |
| 520 | 3 |aContient des données mises à jour sur les dépenses par source de financement (secteur) et affectation de fonds (catégorie) au niveau provincial/territorial et pour le Canada. On y trouve des comparaisons internationales comme les ratios des dépenses de santé au PIB, de même qu'une série complète de tableaux de données et de notes méthodologiques. |
| 691 | 07|aDépenses publiques|2gcpds |
| 691 | 07|aIndustrie de la santé|2gcpds |
| 710 | 1 |aCanada. |bInstitut canadien d'information sur la santé, |eorganisme de publication. |
| 775 | 08|tNational health expenditure trends |w(CaOODSP)9.505815 |
| 776 | 0#|tTendances des dépenses nationales de santé |w(CaOODSP)9.513955 |